Catálogo
 En Linea

La pintura de H. Jaimes Sánchez / (Registro nro. 6924)

Detalles MARC
000 -CABECERA
campo de control de longitud fija 00778cam a2200217 a 4500
001 - NÚMERO DE CONTROL
campo de control 000007143
005 - FECHA Y HORA DE LA ÚLTIMA TRANSACCIÓN
campo de control 20200929154058.0
008 - DATOS DE LONGITUD FIJA--INFORMACIÓN GENERAL
campo de control de longitud fija 920702s1969 ve a bc 001 0 spa
040 ## - FUENTE DE LA CATALOGACIÓN
Centro catalogador/agencia de origen DO-SdBNP
Centro/agencia transcriptor DLC
082 ## - NÚMERO DE LA CLASIFICACIÓN DECIMAL DEWEY
Número de clasificación 759.980934
Número de documento/Ítem D352p
100 1# - ENTRADA PRINCIPAL--NOMBRE DE PERSONA
Nombre de persona Delgado, Rafael
Forma completa/desarrollada del nombre (Rafael Delgado Sainz),
Fechas asociadas al nombre 1853-1914
9 (RLIN) 19818
245 13 - MENCIÓN DE TÍTULO
Título La pintura de H. Jaimes Sánchez /
Mención de responsabilidad, etc. Rafael Delgado.
260 ## - PUBLICACIÓN, DISTRIBUCIÓN, ETC.
Lugar de publicación, distribución, etc. Caracas, Venezuela :
Nombre del editor, distribuidor, etc. Instituto Nacional de Cultura y Bellas Artes,
Fecha de publicación, distribución, etc. 1969.
300 ## - DESCRIPCIÓN FÍSICA
Extensión 33 p. :
Otras características físicas il. ;
Dimensiones 17 cm.
490 1# - MENCIÓN DE SERIE
Mención de serie Arte
Designación de volumen o secuencia no. 11
504 ## - NOTA DE BIBLIOGRAFÍA, ETC.
Nota de bibliografía, etc. Bibliografías: p. 31-33.
600 10 - PUNTO DE ACCESO ADICIONAL DE MATERIA--NOMBRE DE PERSONA
Nombre de persona JAIMES SÁNCHEZ, H.
Forma completa/desarrollada del nombre (HUMBERTO),
Fechas asociadas al nombre 1930-
Subdivisión general CATÁLOGOS.
9 (RLIN) 19819
650 #4 - PUNTO DE ACCESO ADICIONAL DE MATERIA--TÉRMINO DE MATERIA
Término de materia o nombre geográfico como elemento de entrada Pintura venezolana
Subdivisión cronológica SIGLO XIX
9 (RLIN) 19820
830 #0 - PUNTO DE ACCESO ADICIONAL DE SERIE-TÍTULO UNIFORME
Título uniforme Arte ;
Designación de volumen o secuencia no. 11.
9 (RLIN) 19821
910 ## - DATOS DE OPCIÓN DEL USUARIO (OCLC)
Datos de opción del usuario Catalogación por copia / LC
Existencias
Estado de retiro Estado de pérdida Restricciones de uso No para préstamo Código de colección Localización permanente Ubicación/localización actual Ubicación en estantería Fecha de adquisición Número de inventario Total de préstamos Signatura topográfica completa Código de barras Fecha visto por última vez Precio válido a partir de Tipo de ítem Koha
    Préstamo interno   Monografías: Libros y Folletos General General En catalogación 04.09.2009 LF1   759.980934 D352p 7143-10 25.06.2020 25.06.2020 Préstamo interno

Con tecnología Koha